Barcelona vista pels seus artistes / (Record no. 171615)

MARC details
000 -LEADER
campo de control de longitud fija 00854nam a22002535i 4500
001 - NÚMERO DE CONTROL
campo de control 171615
003 - IDENTIFICADOR DE NÚMERO DE CONTROL
campo de control ES-MaACL
005 - FECHA Y HORA DE LA ÚLTIMA TRANSACCIÓN
campo de control 20231227150148.0
008 - DATOS DE LONGITUD FIJA--INFORMACIÓN GENERAL
campo de control de longitud fija 090522s1957 sp |||| | spa d
080 ## - NÚMERO DE LA CLASIFICACIÓN DECIMAL UNIVERSAL
Número de la Clasificación Decimal Universal 849.9:914.671.1 B.
080 ## - NÚMERO DE LA CLASIFICACIÓN DECIMAL UNIVERSAL
Número de la Clasificación Decimal Universal 7(467.11 B.)
245 00 - MENCIÓN DEL TÍTULO
Título Barcelona vista pels seus artistes /
Mención de responsabilidad, etc. Carles Soldevila ; pòrtic de Jacint Verdaguer.
250 ## - MENCION DE EDICION
Mención de edición [1ª ed.].
260 ## - PUBLICACIÓN, DISTRIBUCIÓN, ETC.
Lugar de publicación, distribución, etc. Barcelona :
Nombre del editor, distribuidor, etc. Aedos,
Fecha de publicación, distribución, etc. [1957]
300 ## - DESCRIPCIÓN FÍSICA
Extensión 342 p., 16 lám. :
Otras características físicas il. ;
Dimensiones 29 cm.
490 1# - MENCIÓN DE SERIE
Mención de serie Enciclopedia Catalana "Aedos" ;
Designación de volumen o secuencia 3
650 14 - PUNTO DE ACCESO ADICIONAL DE MATERIA--TÉRMINO DE MATERIA
Término de materia o nombre geográfico como elemento de entrada Arte-
Subdivisión geográfica Barcelona.
9 (RLIN) 140286
651 #4 - PUNTO DE ACCESO ADICIONAL DE MATERIA--NOMBRE GEOGRÁFICO
Nombre geográfico Barcelona-
Subdivisión geográfica En la literatura.
9 (RLIN) 140287
700 1# - ENTRADA AGREGADA--NOMBRE PERSONAL
Nombre de persona Soldevila, Carles.
9 (RLIN) 107110
700 1# - ENTRADA AGREGADA--NOMBRE PERSONAL
Nombre de persona Verdaguer, Jacint,
Fechas asociadas al nombre 1845-1902
9 (RLIN) 113998
830 0# - PUNTO DE ACCESO ADICIONAL DE SERIE-TÍTULO UNIFORME
Título uniforme Enciclopedia Catalana "Aedos" ;
Designación de volumen o secuencia 3
9 (RLIN) 223190
852 ## - LOCALIZACIÓN
Ubicación ES-MaACL
Número de control de estantería C-15721
itemnumber R.43518
Holdings
Estatus retirado Estado de pérdida Estado de daño No para préstamo Biblioteca de origen Biblioteca actual Ubicación en estantería Fecha de adquisición Fuente de adquisición Total de préstamos Signatura topográfica completa Código de barras Visto por última vez Precio de reemplazo Tipo de ítem Koha
        Biblioteca del Ateneo de Madrid Biblioteca del Ateneo de Madrid Ficheros 22/05/2009     C-15721 1180100 23/02/2023 23/02/2023 Libro impreso